LEADER 03699nam 2200613 450 001 9910466105703321 005 20210906022649.0 010 $a1-62625-358-7 035 $a(CKB)3710000000635320 035 $a(EBL)4460298 035 $a(SSID)ssj0001638525 035 $a(PQKBManifestationID)16397459 035 $a(PQKBTitleCode)TC0001638525 035 $a(PQKBWorkID)14915611 035 $a(PQKB)11190083 035 $a(PQKBManifestationID)16342327 035 $a(PQKBWorkID)14915612 035 $a(PQKB)20378037 035 $a(MiAaPQ)EBC4460298 035 $a(EXLCZ)993710000000635320 100 $a20160223h20162016 uy| 0 101 0 $aeng 135 $aur|n|---||||| 181 $ctxt 182 $cc 183 $acr 200 10$aACT for adolescents $etreating teens and adolescents in individual and group therapy /$fSheri L. Turrell, PhD, Mary Bell, MSW, RSW 210 1$aOakland, CA :$cContext Press,$d[2016] 210 4$d©2016 215 $a1 online resource 300 $aDescription based upon print version of record. 311 $a1-62625-357-9 320 $aIncludes bibliographical references and index. 327 $aIntroduction -- PART 1. ACT Basics -- PART 2. Session 1:The Assessment -- Session 2: Creative Hopelessness -- Session 3: Identifying Values -- Session 4: Setting Goals: Putting Values into Action -- Session 5: Willingness and Allowing of Feelings -- Session 6: Defusing from Thoughts -- Session 7: Defusing from "Story" -- Session 8: Self-as-Context -- Session 9: Self-Compassion -- Session 10: Pulling It All Together. 330 $a"In this much-needed guide, a clinical psychologist and a social worker provide a flexible, ten-week protocol based in acceptance and commitment therapy (ACT) to help adolescents overcome mental health hurdles and thrive.If you're a clinician working with adolescents, you understand the challenges this population faces. But sometimes it can be difficult to establish connection in therapy. To help, ACT for Adolescents offers the first effective professional protocol for facilitating ACT with adolescents in individual therapy, along with modifications for a group setting.In this book, you'll find invaluable strategies for connecting meaningfully with your client in session, while at the same time arriving quickly and safely to the clinical issues your client is facing. You'll also find an overview of the core processes of ACT so you can introduce mindfulness into each session and help your client choose values-based action. Using the protocol outlined in this book, you'll be able to help your client overcome a number of mental health challenges from depression and anxiety to eating disorders and trauma.If you work with adolescent clients, the powerful and effective step-by-step exercises in this book are tailored especially for you. This is a must-have addition to your professional library.This book includes audio downloads"--$cProvided by publisher. 606 $aAdolescent psychotherapy 606 $aGroup psychotherapy for teenagers 606 $aTeenagers$xMental health$xTreatment 606 $aAcceptance and commitment therapy 608 $aElectronic books. 615 0$aAdolescent psychotherapy. 615 0$aGroup psychotherapy for teenagers. 615 0$aTeenagers$xMental health$xTreatment. 615 0$aAcceptance and commitment therapy. 676 $a616.89/15200835 700 $aTurrell$b Sheri L.$0966085 702 $aBell$b Mary$c(Social worker), 801 0$bMiAaPQ 801 1$bMiAaPQ 801 2$bMiAaPQ 906 $aBOOK 912 $a9910466105703321 996 $aACT for adolescents$92192409 997 $aUNINA LEADER 04071nam 2201057Ia 450 001 9910780641603321 005 20200520144314.0 010 $a1-282-36008-6 010 $a9786612360084 010 $a0-520-94531-X 024 7 $a10.1525/9780520945319 035 $a(CKB)2430000000010978 035 $a(EBL)837201 035 $a(OCoLC)773564927 035 $a(SSID)ssj0000347546 035 $a(PQKBManifestationID)11232462 035 $a(PQKBTitleCode)TC0000347546 035 $a(PQKBWorkID)10333687 035 $a(PQKB)11758345 035 $a(DE-B1597)520055 035 $a(OCoLC)1110711623 035 $a(DE-B1597)9780520945319 035 $a(Au-PeEL)EBL837201 035 $a(CaPaEBR)ebr10675734 035 $a(CaONFJC)MIL236008 035 $a(MiAaPQ)EBC837201 035 $a(EXLCZ)992430000000010978 100 $a20090723d2009 uy 0 101 0 $aeng 135 $aur|n|---||||| 181 $ctxt 182 $cc 183 $acr 200 10$aHow everyday products make people sick$b[electronic resource] $etoxins at home and in the workplace /$fPaul D. Blanc 205 $aUpdated and expanded. 210 $aBerkeley $cUniversity of California Press$dc2009 215 $a1 online resource (392 p.) 300 $aDescription based upon print version of record. 311 $a0-520-26127-5 320 $aIncludes bibliographical references and index. 327 $tFrontmatter -- $tContents -- $tAcknowledgments -- $tAbbreviations -- $tIntroduction -- $t1 / The Forgotten Histories of "Modern" Hazards -- $t2 / The Shadow of Smoke: How to Evade Regulation -- $t3 / Good Glue, Better Glue, Superglue -- $t4 / Under a Green Sea: The Rising Tide of Chlorine -- $t5 / Going Crazy at Work: Cycles of Carbon Disulfide Poisoning -- $t6 / Job Fever: Inhaling Dust and Fumes -- $t7 / Emerging Toxins -- $tConclusion -- $tNotes -- $tIndex 330 $aThis book reveals the hidden health dangers in many of the seemingly innocent products we encounter every day-a tube of glue in a kitchen drawer, a bottle of bleach in the laundry room, a rayon scarf on a closet shelf, a brass knob on the front door, a wood plank on an outdoor deck. A compelling exposé, written by a physician with extensive experience in public health and illustrated with disturbing case histories, How Everyday Products Make People Sick is a rich and meticulously documented account of injury and illness across different time periods, places, and technologies. 606 $aToxicology$vPopular works 606 $aEnvironmental health$xHistory 606 $aOccupational diseases$xHistory 606 $aHealth risk assessment 606 $aProduct safety 610 $acase histories. 610 $adangers. 610 $adifferent times. 610 $adoctor. 610 $adocumented. 610 $aemerging toxins. 610 $aengaging. 610 $aeveryday products. 610 $aeveryday toxins. 610 $aeverywhere. 610 $aexpose. 610 $ahealth dangers. 610 $ahealth hazards. 610 $ahealth risks. 610 $ahidden dangers. 610 $ahome setting. 610 $ainjury and illness. 610 $ainnocent products. 610 $amodern technologies. 610 $anonfiction. 610 $aphysicians. 610 $apublic health risks. 610 $asickness. 610 $athorough account. 610 $atoxic exposure. 610 $atoxic glue. 610 $atoxic products. 610 $atoxin histories. 610 $atoxins. 610 $aworkplace setting. 615 0$aToxicology 615 0$aEnvironmental health$xHistory. 615 0$aOccupational diseases$xHistory. 615 0$aHealth risk assessment. 615 0$aProduct safety. 676 $a615.9 700 $aBlanc$b Paul D.$f1951-$01504330 801 0$bMiAaPQ 801 1$bMiAaPQ 801 2$bMiAaPQ 906 $aBOOK 912 $a9910780641603321 996 $aHow everyday products make people sick$93733278 997 $aUNINA LEADER 02779nam 22006974a 450 001 9910144735203321 005 20200520144314.0 010 $a9786611094249 010 $a9781118209851 010 $a1118209850 010 $a9781281094247 010 $a1281094242 010 $a9780470191774 010 $a0470191775 010 $a9780470191767 010 $a0470191767 035 $a(CKB)1000000000377227 035 $a(EBL)319293 035 $a(OCoLC)476116018 035 $a(SSID)ssj0000203673 035 $a(PQKBManifestationID)11183242 035 $a(PQKBTitleCode)TC0000203673 035 $a(PQKBWorkID)10175020 035 $a(PQKB)10404864 035 $a(MiAaPQ)EBC319293 035 $a(MiAaPQ)EBC4032818 035 $a(Au-PeEL)EBL4032818 035 $a(CaPaEBR)ebr11108723 035 $a(OCoLC)927505334 035 $a(PPN)12467142X 035 $a(Perlego)1006706 035 $a(EXLCZ)991000000000377227 100 $a20070425d2008 uy 0 101 0 $aeng 135 $aur|n|---||||| 181 $ctxt 182 $cc 183 $acr 200 10$aMitochondria /$fImmo E. Scheffler 205 $a2nd ed. 210 $aHoboken, N.J. $cWiley-Liss$dc2008 215 $a1 online resource (494 p.) 300 $aDescription based upon print version of record. 311 08$a9780470040737 311 08$a0470040734 320 $aIncludes bibliographical references and index. 327 $aHistory -- Evolutionary origin of mitochondria -- Structure and morphology. Integration into the cell -- Biogenesis of mitochondria -- Mitochondrial electron transfer and oxidative phosphorylation -- Metabolic pathways inside mitochondria -- Mitochondrial mutations and disease -- Mitochondrial DNA sequencing and anthropology -- Mitochondria and pharmacology. 330 $a""This volume inspires. It certainly will be much appreciated by cell biologists all over the world.""Quarterly Review of Biology, March 2009 This book is the eagerly awaited second edition of the best-selling Mitochondria, a book widely acknowledged as the first modern, truly comprehensive authored work on the important, scientifically fundamental topic of the cellular organelles known as mitochondria. This new edition brings readers completely up to date on the many significant findings that have occurred in the eight years since the book was first published. As 606 $aMitochondria 606 $aMitochondrial pathology 615 0$aMitochondria. 615 0$aMitochondrial pathology. 676 $a571.6/57 700 $aScheffler$b Immo E$0517156 801 0$bMiAaPQ 801 1$bMiAaPQ 801 2$bMiAaPQ 906 $aBOOK 912 $a9910144735203321 996 $aMitochondria$9849834 997 $aUNINA